[Event "Main Vogelsberg op 17th"]
[Site "Waechtersbach"]
[Date "2023.10.02"]
[Round "5"]
[White "Vonderheid, Karl Wilhelm"]
[Black "Accorsini, Luca"]
[Result "1-0"]
[WhiteElo "1461"]
[BlackElo "1110"]
[PlyCount "73"]
[EventDate "2023.09.30"]
[EventType "swiss"]
[EventRounds "7"]
[EventCountry "GER"]
[SourceTitle "EXT 2025"]
[Source "ChessBase"]
[SourceDate "2024.10.14"]
[SourceVersion "1"]
[SourceVersionDate "2024.10.14"]
[SourceQuality "1"]
[WhiteTeam "Schachdrachen Buedingen Waechtersbach"]
[BlackTeam "Sabt Frankfurter TV 1860"]

1. d4 d5 2. Nc3 Nc6 3. Nf3 h6 4. Bf4 a6 5. e3 Bg4 6. h3 Bh5 7. a3 e6 8. Bd3 Nge7 9. g4 Bg6 10. Be2 Qd7 11. Na4 Nc8 12. Nc5 Bxc5 13. dxc5 Be4 14. Rg1 N8e7 15. Ne5 Nxe5 16. Bxe5 Rg8 17. f3 Bg6 18. Qd2 Nc6 19. Bg3 Qe7 20. b4 Qf6 21. c3 Ne5 22. Kf2 Rc8 23. Kg2 h5 24. Qd4 Nd7 25. Rac1 hxg4 26. hxg4 c6 27. Rh1 e5 28. Qd2 Ke7 29. Bh4 Ke6 30. Bxf6 Nxf6 31. g5 Nd7 32. Bd3 e4 33. fxe4 dxe4 34. Bc4+ Ke7 35. Qd6+ Ke8 36. Rcd1 Bf5 37. Rhf1 1-0